000
00226nam a22000857a 4500
008
160914b xxu||||| |||| 00| 0 eng d
100
_9
434
_a
Vedam.C.J.
245
_a
Computer era.Next-VII
260
_a
New Delhi
_b
G.L Publications
_c
2011
999
_c
3093
_d
3093